Tiếng Trung Quốc khi đi du lịch

Hướng dẫn học tiếng Trung Quốc theo chủ đề. Gồm 10 chủ đề lớn thuộc các lĩnh vực giao tiếp xã hội, đời sống, du lịch, thể dục thể thao, mua sắm những trường hợp khẩn cấp...

Wedi'i Gadw mewn:
Manylion Llyfryddiaeth
Prif Awdur: Lý, Thục Quyên
Awduron Eraill: Chu, Trọng Thu
Fformat: Llyfr
Iaith:Undetermined
Cyhoeddwyd: Tp. Hồ Chí Minh Tổng hợp Tp. Hồ Chí Minh 2008
Pynciau:
Mynediad Ar-lein:http://lrc.tdmu.edu.vn/opac/search/detail.asp?aID=2&ID=16749
Tagiau: Ychwanegu Tag
Dim Tagiau, Byddwch y cyntaf i dagio'r cofnod hwn!
Thư viện lưu trữ: Trung tâm Học liệu Trường Đại học Thủ Dầu Một
LEADER 01008nam a2200217Ia 4500
001 TDMU_16749
008 210410s9999 xx 000 0 und d
082 |a 495.1 
090 |b L600 
100 |a Lý, Thục Quyên 
245 0 |a Tiếng Trung Quốc khi đi du lịch 
245 0 |c Lý Thục Quyên; Chu Trọng Thu (dịch) 
260 |a Tp. Hồ Chí Minh 
260 |b Tổng hợp Tp. Hồ Chí Minh 
260 |c 2008 
300 |a 206tr. 
520 |a Hướng dẫn học tiếng Trung Quốc theo chủ đề. Gồm 10 chủ đề lớn thuộc các lĩnh vực giao tiếp xã hội, đời sống, du lịch, thể dục thể thao, mua sắm những trường hợp khẩn cấp... 
650 |a Tiếng Trung Quốc  |x Giao tiếp  |x Du lịch 
700 |a Chu, Trọng Thu 
856 |u http://lrc.tdmu.edu.vn/opac/search/detail.asp?aID=2&ID=16749 
980 |a Trung tâm Học liệu Trường Đại học Thủ Dầu Một